Biochemistry and Clinical Pathology for Second Year Diploma in Pharmacy (Record no. 393654)

MARC details
000 -LEADER
fixed length control field 00360 a2200133 4500
000 - LEADER
fixed length control field nam a22 7a 4500
100 ## - MAIN ENTRY--PERSONAL NAME
Personal name Raje, V N
110 ## - MAIN ENTRY--CORPORATE NAME
Corporate name or jurisdiction name as entry element Raje, V N
245 ## - TITLE STATEMENT
Title Biochemistry and Clinical Pathology for Second Year Diploma in Pharmacy
250 ## - EDITION STATEMENT
Edition statement Latest edition
260 ## - PUBLICATION, DISTRIBUTION, ETC.
Name of publisher, distributor, etc. CBS Publication
Date of publication, distribution, etc. 2026
264 ## - PRODUCTION, PUBLICATION, DISTRIBUTION, MANUFACTURE, AND COPYRIGHT NOTICE
Name of producer, publisher, distributor, manufacturer CBS Publication
Date of production, publication, distribution, manufacture, or copyright notice 2026
942 ## - ADDED ENTRY ELEMENTS (KOHA)
Koha item type Books

No items available.

© Designed and Maintained by Vivekananda Library, MDU Rohtak